000 01913nam a2200301 4500
003 EC-UNACH
005 20251203122248.0
006 s||||gr|||| 00| 00
008 150116t9999 mx r gr 000 0 spa d
020 _a970-15-0247-7
040 _aEC-UNACH
_cEC-UNACH
041 _aspa
082 0 4 _223
_a338.45
_bL018411
110 _aAlfaomega
245 _aAutómatas programables
250 _aPrimera edición
264 _aMexico
_bAlfaomega
_cS/N
300 _a439
505 _aPARTE I: AUTOMATIZACIÓN: CONCEPTOS GENERALES 1. Introducción al control industrial 2. Diseño de automatismos lógicos 3. Diseño de automatismos con señales analógicas PARTE II: EL AUTÓMATA PROGRAMABLE 4. Arquitectura interna del autómata 5. Ciclo de funcionamiento del autómata y control en tiempo real 6. Configuración del autómata 7. Sensores y actuadores 8. Interfaces de entrada/salida 9. Interfaces específicas 10. Programación del autómata 11. Programación de bloques funcionales 12. Estructuras de programación 13. Equipos de programación y servicio de los API PARTE III: REDES DE AUTÓMATAS 14. Conceptos generales de comunicaciones digitales 15. Redes de comunicación industriales 16. Ordenadores industriales compatibles PC 17. Aplicaciones de los PC industriales PARTE IV: EL AITÓMATA EN SU ENTORNO 18. Instalación y mantenimiento de autómatas programabas ANEXOS Anexo I. Principios de álgebra lógica Anexo II. Códigos y sistemas de numeración Anexo III. Autómatas y redes comerciales Anexo IV. Normalización y niveles de protección de equipos industriales
650 _aSISTEMAS DE CONTROL
650 _aMODELOS Y FUNCIONES
650 _aOPERACIONES BASICAS
700 _aJosep Balcells / José Luis Romeral
942 _2ddc
_c1
999 _c14239